000
00222 a2200097 4500
001
38387
100
_a
Ackerman R
245
_a
Making sense as a school leader
260
_a
USA
_b
Josey Bass
_c
1996
090
_c
24373
_d
24373
942
_a
NUST-CAE
_c
M
_c
15973
999
_c
273460
_d
273460